000 00351nam a2200145Ia 4500
008 221030s9999 xx 000 0 und d
041 _aEnglish
082 _a105.23
_bSha
100 _aM. C. Sharma
245 0 _aUsing and Understanding Multimeters
_cby M. C. Sharma
260 _bBPB Pub
_aNew Delhi
_c0
300 _a47
650 _aEE
942 _cBK
999 _c4774
_d4774